| 000 | 00527nam a22002057a 4500 | ||
|---|---|---|---|
| 005 | 20180803162652.0 | ||
| 008 | 180803b xxu||||| |||| 00| 0 eng d | ||
| 020 |
_a9788189863203 _cRs.400.00 |
||
| 040 | _aLoreto College | ||
| 041 | _aBengali | ||
| 082 |
_a891.44 _bSHA |
||
| 100 | _aSharif,Ahmed | ||
| 245 |
_aBangali o Bangla sahitya Vol.1 _cAhmed Sharif |
||
| 260 |
_aKolkata _bNaya Udyog _c2014 |
||
| 300 |
_a598p _b22cm |
||
| 504 | _aIncludes index | ||
| 650 | _aBengali literature | ||
| 850 | _aLCLIB | ||
| 942 | _cBK | ||
| 999 |
_c41756 _d92235 |
||